[Event "5th Blitz Marathon 2014"]
[Site "Rabat MAR"]
[Date "2014.06.07"]
[Round "8.1"]
[White "Ipatov,Alexander"]
[Black "Van Wely,L"]
[Result "1-0"]
[WhiteElo "2613"]
[BlackElo "2654"]

1.d4 Nf6 2.c4 e6 3.Nc3 Bb4 4.e3 O-O 5.a3 Bxc3+ 6.bxc3 b6 7.Bd3 Ba6 8.e4 Ne8
9.Ne2 Nc6 10.O-O Na5 11.c5 Bxd3 12.Qxd3 d5 13.Rb1 dxe4 14.Qxe4 Nf6 15.Qh4 Nd5
16.Qg3 Qf6 17.Bg5 Qg6 18.Nf4 Nxf4 19.Bxf4 Qxg3 20.hxg3 Rfc8 21.Rb4 Nc6 22.Rb5 Kf8
23.g4 h6 24.f3 Ne7 25.c4 Nc6 26.Rd1 a6 27.cxb6 axb5 28.b7 bxc4 29.Rc1 Nxd4
30.Rxc4 Ne2+ 31.Kf2 Nxf4 32.Rxf4 Rcb8 33.bxa8=Q Rxa8 34.Rc4 Rxa3 35.Rxc7 g6
36.Kg3 Ra2 37.Rb7 Kg7 38.Rc7 Kf6 39.Rb7 Rd2 40.Ra7 Kg7 41.Rb7 Rd5 42.Kf4 h5
43.gxh5 Rxh5 44.Ra7 Rb5 45.g4 Kf6 46.Kg3 Rb3 47.Kf4 e5+ 48.Ke4 Rb4+ 49.Ke3 Rb6
50.Ke4 Rb4+ 51.Ke3 Rf4 52.Ra5 Ke6 53.Ra6+ Ke7 54.Ra7+ Kf8 55.Ra5 f6 56.Ra7 Rd4
57.Kf2 Rd8 58.Kg3 Re8 59.Ra6 Kf7 60.Ra7+ Re7 61.Ra6 Re6 62.Ra7+ Re7 63.Ra6 f5
64.gxf5 gxf5 65.Kf2 Re6 66.Ra7+ Kf6 67.Rb7 Ra6 68.Kg3 Ra3 69.Kf2 Kg5 70.Rb4 Rd3
71.Ke2 Rd4 72.Rb3 Kf4 73.Kf2 Ra4 74.Kg2 Ra2+ 75.Kh3 Re2 76.Ra3 Re3 77.Ra4+ Kxf3
78.Ra5 f4 79.Kh4 e4 80.Kg5 Ke2 81.Kxf4 Kf2 82.Ra2+ Kf1 83.Kxe3  1-0

[Event "5th Blitz Marathon 2014"]
[Site "Rabat MAR"]
[Date "2014.06.07"]
[Round "9.2"]
[White "Van Wely,L"]
[Black "Tregubov,P"]
[Result "1-0"]
[WhiteElo "2654"]
[BlackElo "2604"]

1.d4 Nf6 2.c4 Nc6 3.Nf3 e6 4.a3 d6 5.Nc3 g6 6.g3 Bg7 7.Bg2 O-O 8.O-O Re8
9.Re1 a6 10.Rb1 Rb8 11.h3 b5 12.cxb5 axb5 13.b4 Bd7 14.e4 e5 15.dxe5 Nxe5
16.Nxe5 dxe5 17.Be3 Be6 18.Bf1 c6 19.Kh2 Nd7 20.a4 bxa4 21.Nxa4 Bf8 22.Qd2 Nf6
23.Qxd8 Rexd8 24.Nc5 Bxc5 25.Bxc5 Rd2 26.Kg1 Nd7 27.Be3 Ra2 28.Rec1 Nf6 29.Bg2 Bd7
30.Rc5 Re8 31.g4 Re6 32.f3 Be8 33.Bf1 Nd7 34.Rc3 Rd6 35.Rbc1 Nf8 36.Bc4 Ra4
37.Bb3 Ra8 38.Bc5 Rd2 39.R1c2 Rxc2 40.Rxc2 Ne6 41.Bxe6 fxe6 42.Bd6 Ra3 43.Kf2 Rb3
44.Ra2 Rd3 45.Bxe5 Kf7 46.Ra7+ Rd7 47.Ra8 Rd3 48.Rb8 h5 49.g5 Bd7 50.h4 Ke7
51.Bf6+ Kf7 52.Rd8 c5 53.bxc5 Bb5 54.Rxd3 Bxd3 55.c6 Bb5 56.c7 Ba6 57.Ke3 Ke8
58.Kd4 Kd7 59.Ke5 Be2 60.c8=Q+ Kxc8 61.Kxe6 Bxf3 62.e5 Kc7 63.Kf7 Bd5+ 64.Kxg6 Kd7
65.Kxh5 Ke6 66.Kg6 Be4+ 67.Kg7 Bf3 68.g6 Be4 69.h5 Kd5  1-0

[Event "5th Blitz Marathon 2014"]
[Site "Rabat MAR"]
[Date "2014.06.07"]
[Round "10.1"]
[White "Bauer,Ch"]
[Black "Van Wely,L"]
[Result "0-1"]
[WhiteElo "2630"]
[BlackElo "2654"]

1.Nc3 c5 2.Nf3 Nc6 3.d4 cxd4 4.Nxd4 g6 5.g3 Bg7 6.Nb3 Nf6 7.Bg2 d6 8.O-O Bd7
9.h3 O-O 10.Bg5 h6 11.Be3 Kh7 12.a4 Rc8 13.a5 a6 14.Bb6 Qe8 15.Kh2 Be6 16.Nd4 Nxd4
17.Bxd4 Qd7 18.Na4 Qc7 19.Nb6 Rb8 20.Ra3 Bd7 21.Bxf6 exf6 22.Nxd7 Qxd7 23.Rb3 f5
24.e3 Qa4 25.Qd2 Rfc8 26.Rc1 Be5 27.Bxb7 Rd8 28.Bxa6 Rxb3 29.cxb3 Qxb3 30.Bc4 Qb7
31.a6 Qa7 32.Qd5 Rc8 33.Qb7 Qxb7 34.axb7 Rb8 35.Bd5  0-1

[Event "5th Blitz Marathon 2014"]
[Site "Rabat MAR"]
[Date "2014.06.07"]
[Round "11.3"]
[White "Van Wely,L"]
[Black "Horvath,Ad1"]
[Result "1-0"]
[WhiteElo "2654"]
[BlackElo "2531"]

1.d4 Nf6 2.c4 e6 3.Nf3 Bb4+ 4.Nbd2 O-O 5.a3 Be7 6.e4 d6 7.b4 a5 8.b5 Nbd7
9.Bb2 e5 10.Be2 Re8 11.O-O exd4 12.Nxd4 Bf8 13.Qc2 Nc5 14.f3 g6 15.Rfe1 Bg7
16.Rad1 Bd7 17.Nf1 c6 18.Ne3 Qb6 19.Bf1 Rad8 20.Qf2 Bc8 21.Kh1 Ne6 22.Nxe6 Bxe6
23.Qd2 Nh5 24.Bxg7 Nxg7 25.Rb1 Qc5 26.a4 Ra8 27.Qb2 Nh5 28.g3 Ng7 29.Kg2 Bd7
30.Rbd1 Be6 31.Qd4 Red8 32.Qxc5 dxc5 33.bxc6 bxc6 34.Rxd8+ Rxd8 35.Rd1 Rb8
36.g4 Ne8 37.Kg3 g5 38.h4 h6 39.Nf5 Bxf5 40.gxf5 Kg7 41.e5 Kf8 42.f6 Nc7
43.hxg5 hxg5 44.Bd3 Ne8 45.Rh1 Kg8 46.Bh7+ Kf8 47.Bf5 Kg8 48.Rh5 Rb4 49.Rxg5+ Kh8
50.Rh5+ Kg8 51.Bh7+ Kf8 52.Bf5 Rxc4 53.Bd3 Kg8 54.Bxc4 Nc7 55.Rg5+ Kf8 56.Rg7 Ke8
57.Bxf7+ Kd8 58.Bc4 Kc8 59.e6 Nd5 60.e7  1-0

[Event "5th Blitz Marathon 2014"]
[Site "Rabat MAR"]
[Date "2014.06.07"]
[Round "12.2"]
[White "Van Wely,L"]
[Black "Movsziszian,K"]
[Result "0-1"]
[WhiteElo "2654"]
[BlackElo "2520"]

1.d4 g6 2.c4 Bg7 3.e4 d6 4.Nf3 Nf6 5.Nc3 O-O 6.Be2 Nbd7 7.O-O e5 8.Qc2 Nh5
9.Bg5 Bf6 10.Be3 c6 11.Rad1 Qe7 12.g3 Ng7 13.Rfe1 h5 14.h4 exd4 15.Nxd4 Ne5
16.Qd2 Bg4 17.f3 Bh3 18.Kh2 Bc8 19.b3 Bxh4 20.Nc2 Bf6 21.Kg2 Ne6 22.Rh1 a5
23.Na4 Rd8 24.Nb6 Rb8 25.Qxa5 Nc5 26.Qd2 Be6 27.Nd4 h4 28.g4 Bxg4 29.fxg4 Nxe4
30.Qe1 Ng3 31.Qf2 Re8 32.Bf4 Nxh1 33.Kxh1 Bg5 34.Bh2 Qc7 35.Na4 Rbd8 36.Rf1 Qe7
37.Bd1 d5 38.c5 Nd3 39.Qf3 Qe4 40.Qxe4 dxe4 41.Ne2 e3 42.Bg1 Re4 43.Kg2 Rf4  0-1

[Event "5th Blitz Marathon 2014"]
[Site "Rabat MAR"]
[Date "2014.06.07"]
[Round "13.4"]
[White "Peralta,Fe"]
[Black "Van Wely,L"]
[Result "0-1"]
[WhiteElo "2596"]
[BlackElo "2654"]

1.d4 Nf6 2.c4 e6 3.Nc3 Bb4 4.e3 O-O 5.Bd3 d5 6.Nf3 c5 7.O-O cxd4 8.exd4 dxc4
9.Bxc4 b6 10.Re1 Bb7 11.Bd3 Nc6 12.a3 Be7 13.Bc2 Rc8 14.Qd3 Re8 15.Bg5 g6
16.Rad1 Nd5 17.Bc1 Nxc3 18.bxc3 Na5 19.Ne5 Qd5 20.f3 Nc4 21.Ng4 Qa5 22.Bb3 Bd5
23.Bxc4 Rxc4 24.Bd2 Rcc8 25.Qe3 Qa4 26.Qf4 f5 27.Ne5 Bd6 28.h4 Bxe5 29.Qxe5 Qxa3
30.Ra1 Qe7 31.h5 Kf7 32.h6 Kg8 33.Qg3 a5 34.Rab1 Rc6 35.Bg5 Qd7 36.Qe5 Rec8
37.Bd2 Qc7 38.Qe3 a4 39.c4 Rxc4 40.Qg5 a3 41.Bf4 Qd8 42.Qg3 a2 43.Ra1 Rc2
44.Be5 b5 45.Qf4 b4 46.Bg7 Qc7 47.Be5 Qb7 48.Qg5 Qf7 49.Qf4  0-1

[Event "5th Blitz Marathon 2014"]
[Site "Rabat MAR"]
[Date "2014.06.07"]
[Round "14.1"]
[White "Fridman,D"]
[Black "Van Wely,L"]
[Result "1/2-1/2"]
[WhiteElo "2627"]
[BlackElo "2654"]

1.d4 Nf6 2.c4 c5 3.d5 b5 4.cxb5 a6 5.bxa6 d6 6.Nc3 Bxa6 7.e4 Bxf1 8.Kxf1 g6
9.h3 Bg7 10.Nge2 O-O 11.Kg1 Nbd7 12.Kh2 Qa5 13.Qc2 Rfb8 14.Bd2 Ne5 15.Rhb1 Qa6
16.b3 Nd3 17.Be3 Nd7 18.f4 Nb4 19.Qd2 Qd3 20.Qxd3 Nxd3 21.a3 f5 22.exf5 gxf5
23.Ra2 Rb7 24.Rd2 c4 25.bxc4 Rxb1 26.Nxb1 N7c5 27.Bd4 Ra4 28.Bxg7 Kxg7 29.Rc2 Kf6
30.g3 h5 31.Rc3 Ra8 32.Nd4 h4 33.gxh4 Nxf4 34.Nd2 Ncd3 35.Ne2 Rb8 36.Nxf4 Nxf4
37.Rb3 Rg8 38.Rg3 Rb8 39.Rf3 Rb2 40.Rxf4 Rxd2+ 41.Kg3 Ke5 42.h5 Rd1 43.h6 Rg1+
44.Kf2 Rg8 45.h7 Rh8 46.Rh4 Kf6 47.Kg3 Kg5 48.a4 f4+ 49.Rxf4 Rxh7 50.Re4 Kf6
51.Rf4+ Ke5 52.Kf3 Rh8 53.Re4+ Kf6 54.c5 dxc5 55.a5 Ra8 56.Re6+ Kf5 57.a6 c4
58.Rc6 c3 59.Ke3 c2 60.Kd2 Ke4 61.Kxc2 Kxd5 62.Rg6 e6 63.h4 Rxa6 64.Kd3 Ra7
65.Ke3 Ke5 66.h5 Ra3+  1/2-1/2

[Event "5th Blitz Marathon 2014"]
[Site "Rabat MAR"]
[Date "2014.06.07"]
[Round "15.3"]
[White "Van Wely,L"]
[Black "Shoker,S"]
[Result "1-0"]
[WhiteElo "2654"]
[BlackElo "2482"]

1.d4 Nf6 2.c4 c5 3.d5 e6 4.Nf3 exd5 5.cxd5 d6 6.e4 a6 7.Bd3 g6 8.h3 b5 9.O-O Bg7
10.a4 bxa4 11.Nbd2 O-O 12.Nc4 Ne8 13.Bf4 f5 14.e5 Bb7 15.Bg5 Qd7 16.Nb6 Qc7
17.Nxa8 Bxa8 18.exd6 Nxd6 19.Rxa4 Bxd5 20.Bf4 Rd8 21.Bxf5 Qf7 22.Bc2 Nc6
23.Ng5 Qxf4 24.Rxf4 Nd4 25.Rxd4 Bxd4 26.Bb3 Nf5 27.Bxd5+ Rxd5 28.Qb3  1-0

[Event "5th Blitz Marathon 2014"]
[Site "Rabat MAR"]
[Date "2014.06.07"]
[Round "16.2"]
[White "Haddouche,M"]
[Black "Van Wely,L"]
[Result "0-1"]
[WhiteElo "2505"]
[BlackElo "2654"]

1.e4 c5 2.Nf3 e6 3.d3 Nc6 4.g3 d5 5.Nbd2 Nf6 6.Bg2 Be7 7.O-O O-O 8.Re1 b5
9.e5 Nd7 10.Nf1 a5 11.h4 b4 12.Bf4 a4 13.a3 bxa3 14.bxa3 Rb8 15.Bh3 Bb7 16.N1h2 Re8
17.Ng5 Bxg5 18.hxg5 Ne7 19.Qh5 d4 20.Ng4 Nf5 21.Nf6+ gxf6 22.gxf6 Kh8 23.Kh2 Rg8
24.Rh1 Nf8 25.Rae1 Ng6 26.Bh6 Qd5 27.Re4 Bc6 28.Bxf5 exf5 29.Kg1 fxe4 30.Bg7+ Rxg7
31.fxg7+ Kxg7 32.Qh6+ Kg8 33.Qxh7+ Kf8 34.Rh5 Rb1+ 35.Kh2 exd3 36.Qh6+ Ke8  0-1

[Event "5th Blitz Marathon 2014"]
[Site "Rabat MAR"]
[Date "2014.06.07"]
[Round "17.1"]
[White "Ali,Se"]
[Black "Van Wely,L"]
[Result "0-1"]
[WhiteElo "2376"]
[BlackElo "2654"]

1.d4 Nf6 2.Bf4 d5 3.e3 c5 4.c3 Nc6 5.Nf3 Qb6 6.Qb3 c4 7.Qxb6 axb6 8.Nbd2 b5
9.a3 b4 10.cxb4 Nxb4 11.Rc1 Nc6 12.Ne5 e6 13.Be2 Bd7 14.O-O b5 15.Nxc6 Bxc6
16.Nb1 Kd7 17.Nc3 Bd6 18.Bxd6 Kxd6 19.Na2 Nd7 20.f4 Nb8 21.f5 Bd7 22.fxe6 Bxe6
23.Nb4 Na6 24.Nxa6 Rxa6 25.h3 Rb8 26.Bg4 b4 27.Bxe6 fxe6 28.axb4 Rxb4 29.Rf7 Rxb2
30.Rxg7 Rab6 31.Kh2 Rb1 32.Rc2 R6b2 33.Rc3 Rb3 34.Rc2 R1b2 35.Rc1 Rxe3 36.Rxh7 Rd2
37.Rh4 c3 38.Rf4 c2 39.h4 Ree2 40.Rg4 Rd1 41.Rxc2 Rxc2 42.h5 Rcd2 43.h6 Rxd4
44.h7 Rxg4 45.h8=Q Rdd4 46.Qf8+ Ke5 47.Qb8+ Ke4 48.Qb1+ Rd3 49.Qc2 Rf4 50.Qe2+ Kd4
51.Qb2+ Ke3 52.Qc1+ Rd2 53.Qc3+ Rd3 54.Qc1+ Ke4 55.Qc2 Rf5 56.Qb2 d4 57.Qe2+ Re3
58.Qc2+ Ke5 59.Qb2 Rh5+ 60.Kg1 Rf5 61.Qb5+ Ke4 62.Qb1+ d3 63.Qb2 Re2 64.Qb4+ Ke3
65.Qb3 e5 66.Qc3 e4 67.Qc4 d2 68.Qc2 Kf4 69.Kh2 Re1  0-1

[Event "5th Blitz Marathon 2014"]
[Site "Rabat MAR"]
[Date "2014.06.07"]
[Round "18.1"]
[White "Van Wely,L"]
[Black "Hifad,Rac"]
[Result "1-0"]
[WhiteElo "2654"]
[BlackElo "2313"]

1.d4 d6 2.Nf3 g6 3.c4 Bg7 4.e4 Nf6 5.Nc3 O-O 6.Be2 e5 7.Be3 Ng4 8.Bg5 f6
9.Bh4 h5 10.h3 Nh6 11.dxe5 dxe5 12.Qxd8 Rxd8 13.Nd5 g5 14.Nxc7 Na6 15.Nxa8 gxh4
16.Rd1 Rf8 17.c5 Nxc5 18.Bc4+ Kh7 19.Nc7 Nxe4 20.Bd3 f5 21.Bxe4 fxe4 22.Ng5+ Kg6
23.Nxe4 Rf4 24.f3 Rf7 25.Rd6+ Kf5 26.Nd5 Be6 27.Ne3+ Kf4 28.Rxe6 Kxe3 29.O-O Nf5
30.Re1+ Kf4 31.Nd6 Nxd6 32.Rxd6 Rc7 33.Re4+ Kg5 34.Rd2 Rc5 35.Kf2 Bh6 36.b4 Rc6
37.Rxe5+ Kf6 38.Rdd5 Bf4 39.Rf5+ Ke6 40.Rc5 Bg3+ 41.Ke3 Rd6 42.Rxh5 Rd1 43.Rh6+ Kd7
44.Rg5 Re1+ 45.Kd3 Re7 46.Rg4 Kc7 47.a4 a6 48.b5 axb5 49.axb5 b6 50.Rgg6 Bf2
51.Re6 Rg7 52.Rhg6 Rd7+ 53.Ke2 Bc5 54.f4 Rf7 55.Ref6 Re7+ 56.Re6 Rf7 57.Rgf6 Rg7
58.Rg6 Rf7 59.Kf3 Rd7 60.Kg4 Rh7 61.f5 Kd7 62.Rxb6 Bxb6 63.Rxb6 Rg7+ 64.Rg6 Rh7
65.b6 Kc8 66.f6 Rh8 67.f7 Kb7 68.Rg8  1-0

[Event "5th Blitz Marathon 2014"]
[Site "Rabat MAR"]
[Date "2014.06.07"]
[Round "19.1"]
[White "Czebe,A"]
[Black "Van Wely,L"]
[Result "0-1"]
[WhiteElo "2411"]
[BlackElo "2654"]

1.Nf3 Nf6 2.g3 d5 3.Bg2 Bf5 4.O-O e6 5.b3 Be7 6.Bb2 h6 7.d3 O-O 8.Nbd2 c5
9.Re1 Nc6 10.e4 Bh7 11.exd5 exd5 12.Ne5 Re8 13.Qf3 Nd4 14.Bxd4 cxd4 15.Qf4 Bb4
16.Nef3 Qa5 17.a3 Bc3 18.Rad1 Rxe1+ 19.Rxe1 Qxa3 20.Re2 Qc1+ 21.Bf1 Rc8 22.h4 Bg6
23.g4 h5 24.gxh5 Bxh5 25.Kg2 Bxf3+ 26.Kxf3 Bxd2 27.Qf5 Rf8 28.Bg2 Qd1  0-1

[Event "5th Blitz Marathon 2014"]
[Site "Rabat MAR"]
[Date "2014.06.07"]
[Round "20.1"]
[White "Adnani,M"]
[Black "Van Wely,L"]
[Result "0-1"]
[WhiteElo "2388"]
[BlackElo "2654"]

1.d4 Nf6 2.c4 e6 3.Nc3 Bb4 4.e3 O-O 5.Ne2 d5 6.a3 Be7 7.Ng3 c6 8.Bd3 Nbd7
9.O-O b6 10.e4 dxe4 11.Ngxe4 Bb7 12.Be3 c5 13.Nxf6+ Nxf6 14.Rc1 Rc8 15.dxc5 Bxc5
16.Qe2 Qc7 17.Nb5 Qc6 18.f3 a6 19.Na7 Bxe3+ 20.Qxe3 Qc5 21.Qxc5 Rxc5 22.b4 Rc7
23.b5 Rd7 24.Be2 Bxf3 25.Rxf3 Rxa7 26.c5 axb5 27.cxb6 Rb7 28.Rc6 Nd5 29.Rb3 b4
30.a4 Rxb6 31.Rxb6 Nxb6 32.Rxb4 Nd7 33.Bf3 Rb8 34.Rxb8+ Nxb8 35.a5 Na6 36.Bb7 Nc7
37.a6 Nb5 38.Kf2 Kf8 39.Ke3 Ke7 40.Bc6 Na7 41.Be4 f5 42.Bd3 Kd6 43.h4 g6
44.Kf4 h6 45.g4 e5+ 46.Kg3 e4 47.Be2 Ke5 48.h5 f4+ 49.Kf2 g5 50.Ke1 Kd4 51.Kd2 Kc5
52.Kc3 Nc6 53.Bf1 Kb6 54.Kc4 f3 55.Kd5 e3 56.a7 Nxa7 57.Ke6 e2 58.Bxe2 fxe2
59.Kf6 e1=Q 60.Kg6 Qe4+ 61.Kxh6 Qxg4 62.Kg6 Qh4 63.h6 g4 64.h7 g3 65.Kf7 Qxh7+  0-1

[Event "5th Blitz Marathon 2014"]
[Site "Rabat MAR"]
[Date "2014.06.07"]
[Round "21.1"]
[White "Van Wely,L"]
[Black "Choukri,A"]
[Result "1-0"]
[WhiteElo "2654"]
[BlackElo "2177"]

1.d4 Nf6 2.c4 e6 3.Nf3 d5 4.Nc3 Be7 5.Bf4 dxc4 6.e3 O-O 7.Bxc4 c5 8.O-O a6
9.Be2 Nc6 10.dxc5 Bxc5 11.Rc1 Be7 12.Qxd8 Rxd8 13.Na4 Nd5 14.Bg3 b5 15.Nc5 Na5
16.e4 Bxc5 17.Rxc5 Nb7 18.Rxc8 Raxc8 19.exd5 Rxd5 20.Rb1 Rc2 21.Kf1 Nc5 22.Bd1 Rc4
23.b3 Re4 24.Bc2 f6 25.Bxe4 Nxe4 26.Rc1 b4 27.Bf4 Nc3 28.Bd2 Nxa2 29.Ra1 Nc3
30.Rxa6 e5 31.Bxc3 bxc3 32.Rc6 Rd3 33.Ne1 Rd2 34.Rxc3 Rb2 35.Nd3 Rb1+ 36.Ke2 e4
37.Nc1 Rb2+ 38.Ke3 f5 39.h4 Kf7 40.Ne2 Kf6 41.Rc6+ Ke5 42.Rc5+ Ke6 43.Nd4+ Kd6
44.Rxf5 g6 45.Rf7 Ke5 46.Re7+ Kf6 47.Rxh7 Ke5 48.Re7+ Kf6 49.Rxe4 Rb1 50.g4 Kg7
51.g5 Kg8 52.Re7  1-0